000 00981nam a22002417a 4500
005 20170726103008.0
010 _a1516EN07 ENG-119397
020 _a9780674427815
_c395.00
035 _aB-603826-851
035 _aB-667422
035 _aEN-102929
037 _adpl
_bAakar/Ven
082 _a954.0254092
082 _a954.022092
100 _aAbu'l-Fazl
245 _aThe history of Akbar/
_cby Abu'l- Fazl; edited and translated by Wheeler M. Thackston
260 _aLondon
_bMurty Classical Library of India
_c2015
300 _a614p.
_c19cm(pbk)
700 _aThackston, Wheeler M.
942 _2ddc
_cEN
_h954.0254092
_mABU
999 _c96419
_d96419